000 00300 a2200157 4500
001 60953
020 _a
040 _cAnchieta - Pituba
100 _aSangiovanni
240 1 0 _aCaderno 8
_lpor
245 1 0 _aCaderno 8
300 _a
362 0 _a2011
650 4 _aEnsino superior
942 _cBK
999 _c60953
_d60953